Por el marques de Villar con el marques de los Velez su hermano. Sobre los mayorazgos que fundaron Don Juan de Zuñiga y Avellaneda y Doña Estefania de Requesens su muger, y Don Luys de Requesens su hijo, para despues de los dias de la condesa de Benavente madre de las partes

Detalles Bibliográficos
Formato: Libro
Lenguaje:Undetermined
Spanish
Publicado: s.l. : s.n., 1600.
Materias:
Colección:Banco de datos
Acervo:Biblioteca Palafoxiana. Colección bibliográfica
Descripción Física:51 h. ; f°
Tema general:Derecho civil
Notas:Daños en la encuadernación. Número de localización: 23260-D Encuadernado con 9 obras
LEADER 00742nam a2200157Ia 4500
008 150723s9999 xx 000 0 und d
041 0 |a spa 
050 0 |a PAFX D20 L6 
245 1 0 |a Por el marques de Villar con el marques de los Velez su hermano. Sobre los mayorazgos que fundaron Don Juan de Zuñiga y Avellaneda y Doña Estefania de Requesens su muger, y Don Luys de Requesens su hijo, para despues de los dias de la condesa de Benavente madre de las partes 
260 |a s.l. : s.n., 1600. 
300 |a 51 h. ; f° 
500 |a Daños en la encuadernación. Número de localización: 23260-D Encuadernado con 9 obras 
650 1 0 |a Derecho civil 
942 |c PALALIB 
943 |g Biblioteca Palafoxiana. Colección bibliográfica 
999 |c 1061649  |d 1061649